<?xml version="1.0" encoding="UTF-8"?>
<record
    xmlns:xsi="http://www.w3.org/2001/XMLSchema-instance"
    xsi:schemaLocation="http://www.loc.gov/MARC21/slim http://www.loc.gov/standards/marcxml/schema/MARC21slim.xsd"
    xmlns="http://www.loc.gov/MARC21/slim">

  <leader>00608nam a2200193Ia 4500</leader>
  <controlfield tag="005">20240530110946.0</controlfield>
  <controlfield tag="008">140319s2007    xx            000 0 ara d</controlfield>
  <datafield tag="040" ind1=" " ind2=" ">
    <subfield code="a">GCL / </subfield>
    <subfield code="c">GCL</subfield>
  </datafield>
  <datafield tag="082" ind1="0" ind2="4">
    <subfield code="a">922.2 / </subfield>
    <subfield code="b">&#x627; &#x635;</subfield>
  </datafield>
  <datafield tag="100" ind1="1" ind2=" ">
    <subfield code="a">&#x627;&#x645;&#x627;&#x644; &#x627;&#x644;&#x628;&#x646;&#x627; </subfield>
  </datafield>
  <datafield tag="245" ind1="1" ind2="0">
    <subfield code="a">&#x631;&#x62D;&#x644;&#x62A;&#x647; &#x645;&#x639; &#x627;&#x644;&#x642;&#x631;&#x627;&#x646; &#x62A;&#x631;&#x648;&#x64A;&#x647;&#x627; / </subfield>
    <subfield code="c">&#x627;&#x645;&#x627;&#x644; &#x627;&#x644;&#x628;&#x646;&#x627; </subfield>
  </datafield>
  <datafield tag="260" ind1=" " ind2=" ">
    <subfield code="a">&#x627;&#x644;&#x642;&#x627;&#x647;&#x631;&#x629; : </subfield>
    <subfield code="b">[ &#x62F;.&#x646; ]&#x60C;</subfield>
    <subfield code="c">2007</subfield>
  </datafield>
  <datafield tag="300" ind1=" " ind2=" ">
    <subfield code="a">453 &#x635; &#x61B; </subfield>
    <subfield code="c">24 &#x633;&#x645;</subfield>
  </datafield>
  <datafield tag="650" ind1="0" ind2="4">
    <subfield code="a">&#x645;&#x634;&#x627;&#x64A;&#x62E; &#x627;&#x644;&#x62A;&#x644;&#x627;&#x648;&#x629; </subfield>
  </datafield>
  <datafield tag="650" ind1="0" ind2="4">
    <subfield code="a">&#x645;&#x62D;&#x645;&#x648;&#x62F; &#x639;&#x644;&#x649; &#x627;&#x644;&#x628;&#x646;&#x627; </subfield>
  </datafield>
  <datafield tag="650" ind1="0" ind2="4">
    <subfield code="a">&#x627;&#x644;&#x62A;&#x631;&#x627;&#x62C;&#x645;</subfield>
  </datafield>
  <datafield tag="942" ind1=" " ind2=" ">
    <subfield code="2">ddc</subfield>
    <subfield code="c">BK</subfield>
  </datafield>
  <datafield tag="999" ind1=" " ind2=" ">
    <subfield code="c">66911</subfield>
    <subfield code="d">66911</subfield>
  </datafield>
  <datafield tag="952" ind1=" " ind2=" ">
    <subfield code="0">0</subfield>
    <subfield code="1">0</subfield>
    <subfield code="4">0</subfield>
    <subfield code="7">0</subfield>
    <subfield code="a">CAI</subfield>
    <subfield code="b">CAI</subfield>
    <subfield code="c">&#x627;&#x644;&#x62A;&#x627;&#x631;&#x64A;&#x62E; &#x648;&#x627;&#x644;&#x62C;&#x63A;&#x631;&#x627;&#x641;&#x64A;&#x627;-&#x639;&#x631;&#x628;&#x649;</subfield>
    <subfield code="d">2022-11-24</subfield>
    <subfield code="l">0</subfield>
    <subfield code="o">922.2 /  &#x627; &#x635;</subfield>
    <subfield code="p">168895</subfield>
    <subfield code="r">2022-11-24 00:00:00</subfield>
    <subfield code="w">2022-11-24</subfield>
    <subfield code="y">BK</subfield>
  </datafield>
</record>
